000 00593cam a2200229 a 4500
001 4732323
005 20180302041645.0
008 840504s1985 nyua b 001 0 eng
010 _a 84010142
020 _a0385171641
040 _aDLC
_cDLC
_dDLC
041 _aeng
043 _an-us---
080 _a305.230973 NAS
082 0 0 _a305.230973 NAS
_219
100 1 _a16
101 _aHIS
245 1 0 _aChildren of the city :
_cDavid Nasaw.
504 _aBibliography: p. [211]-234.
906 _a7
_bcbc
_corignew
_d1
_eocip
_f19
_gy-gencatlg
942 _2ddc
_cBK
999 _c43962
_d43962